Košice - Námestie Osloboditeľov

Zobrazenie: Pohľad z cesty na pamätník z bočnej strany. Pamätník je obohnaný nízkym, železným oplotením, na ktorom vľavo sedí muž. V pozadí vľavo je rad domov a vpravo za pamätníkom je jedna budova

Bibliographic Details
Other Authors: Kanka, Ján (Photographer)
Format: Photo
Language:Slovak
PhysicalDescription:1 pohľadnica čiernobiela 11 x 15 cm
Published: [Bratislava] VPL 1966
Subjects:

MARC

LEADER 00000nkm a2200000 a 4500
001 vtls012281464
003 SK-MaSNL
005 20260331212647.0
007 kf bo
008 250814s1966 xo g 00 kuslo
015 |a SNBG1966 
040 |a SNK  |b slo  |c SNK  |e AACR2 
041 0 |a slo 
043 |a e-xo--- 
044 |a xo  |c SK 
072 7 |a 913  |x Regionálna geografia  |2 konspekt 
080 |a 94(100)"1939/1945"  |2 2011 
080 |a 913(437.6)  |2 2011 
080 |a 725.945  |2 2011 
080 |a 721  |2 2011 
080 |a 711.61  |2 2011 
080 |a 625.712.4  |2 2011 
080 |a (084.121)  |2 2011 
100 1 |a Kanka, Ján  |4 pht  |9 181462 
245 1 0 |a Košice - Námestie Osloboditeľov  |h grafika  |c foto Ján Kanka 
260 |a [Bratislava]  |b VPL  |c 1966 
300 |a 1 pohľadnica  |b čiernobiela  |c 11 x 15 cm 
520 8 |a Zobrazenie: Pohľad z cesty na pamätník z bočnej strany. Pamätník je obohnaný nízkym, železným oplotením, na ktorom vľavo sedí muž. V pozadí vľavo je rad domov a vpravo za pamätníkom je jedna budova 
610 2 7 |a Pamätník Sovietskej armády (Košice, Slovensko)  |2 SNKKA  |9 345601 
650 0 7 |a budovy  |2 SNKPH  |9 1283 
650 0 7 |a námestia  |2 SNKPH  |9 26291 
650 0 7 |a pamätníky  |2 SNKPH  |9 25601 
650 0 7 |a druhá svetová vojna (1939-1945)  |2 SNKPH  |9 169657 
650 0 7 |a Buildings  |2 SNKPHeng  |9 286401 
650 0 7 |a Plazas  |2 SNKPHeng  |9 345602 
650 0 7 |a Memorials  |2 SNKPHeng  |9 335911 
650 0 7 |a World War (1939-1945)  |2 SNKPHeng  |9 284172 
651 7 |a Košice (Slovensko)  |2 SNKPHgeo  |9 18694 
651 7 |a Námestie osloboditeľov (Košice, Slovensko)  |2 SNKPHgeo  |9 29665 
655 7 |a miestne pohľadnice  |2 SNKPH  |9 70510 
655 7 |a Local postcards  |2 SNKPHeng  |9 340887 
852 |a Slovenská národná knižnica 
954 |a pohľadnice pôvodné (slovenské)  |2 lita 
958 |a GBN 
958 |a GC 
958 |a OND 
999 |c 960985  |d 962915 
952 |a SNK  |b SNK  |y PREZ  |7 0  |p 17A1440463  |o snkSP 54829  |0 0  |1 0  |4 0  |d 2025-08-14  |l 0  |r 2026-02-24 10:18:28  |w 2026-02-24